All 1M Cities by Directional Proximity #3 - Statistics

General Stats
  • This quiz has been taken 634 times
  • The average score is 398 of 552
Answers on the Map
Answers color-coded by a green-red scale on the quiz's map according to % correct below.
 
Answer Stats
City % Correct
New York
99%
Los Angeles
97%
Charlotte
95%
Chicago
95%
Dallas
95%
Detroit
95%
Mexico City
95%
Raleigh
95%
London
94%
Cleveland
93%
Atlanta
92%
Barcelona
92%
Bhopal
92%
Gwalior
92%
Pittsburgh
92%
San Francisco
92%
Seattle
92%
Washington
92%
Berlin
91%
Nanjing
91%
Paris
91%
Toronto
91%
Beijing
90%
Boston
90%
Changzhou
90%
Columbus
90%
Greensboro
90%
Handan
90%
Huizhou
90%
Qingdao
90%
Qingyuan
90%
San Antonio
90%
Shanghai
90%
The Ruhr
90%
Tokyo
90%
Weifang
90%
Wuhu
90%
Jiaozuo
89%
Kaifeng
89%
Kansas City
89%
Ma'anshan
89%
Rome
89%
Stockton
89%
Xi'an
89%
Amsterdam
88%
Anyang
88%
Frankfurt
88%
Guangzhou
88%
Hamburg
88%
Huai'an
88%
Hyderabad
88%
Indore
88%
Istanbul
88%
Lianyungang
88%
Luoyang
88%
Memphis
88%
Miami
88%
Moscow
88%
Oklahoma City
88%
Rio de Janeiro
88%
Salem
88%
Xingtai
88%
Zibo
88%
Madrid
87%
Manila
87%
Nuremberg
87%
Rizhao
87%
Seoul
87%
Sholapur
87%
Zurich
87%
Agra
86%
Ahmedabad
86%
Austin
86%
Buffalo
86%
Changshu
86%
Delhi
86%
Denver
86%
Fuzhou
86%
Hanover
86%
Hong Kong
86%
Jinan
86%
Jining
86%
Karachi
86%
Leeds
86%
Linyi
86%
Lucknow
86%
Milan
86%
Monterrey
86%
Mumbai
86%
Orlando
86%
Portland
86%
Prague
86%
Putian
86%
Valencia
86%
Virginia Beach
86%
Xuzhou
86%
Yancheng
86%
Yangzhou
86%
Yantai
86%
Zhengzhou
86%
Zhenjiang
86%
Ankara
85%
Aurangabad
85%
Bhilai
85%
Buenos Aires
85%
Cairo
85%
Jaipur
85%
Jakarta
85%
Kanpur
85%
Lagos
85%
Nagpur
85%
Nottingham
85%
Philadelphia
85%
Rotterdam
85%
Saint Louis
85%
Surat
85%
Tiruchirappalli
85%
Xiamen
85%
Xinxiang
85%
Aleppo
84%
Bangalore
84%
Bangkok
84%
Beirut
84%
Busan
84%
Changwon
84%
Chennai
84%
Daegu
84%
Dublin
84%
Gwangju
84%
Harrisburg
84%
Hefei
84%
Jacksonville
84%
Jinzhou
84%
Jodhpur
84%
Katowice
84%
Kotā
84%
Lahore
84%
McAllen
84%
Minsk
84%
Munich
84%
Nanchong
84%
Naples
84%
New Orleans
84%
Shantou
84%
Sheffield
84%
Tai'an
84%
Taipei
84%
Zhuhai
84%
Antwerp
83%
Chengdu
83%
Cincinnati
83%
Cixi
83%
Cologne
83%
Dalian
83%
Gaziantep
83%
Hartford
83%
Nanchang
83%
São Paulo
83%
Aba
82%
Adana
82%
Baoji
82%
Belo Horizonte
82%
Brussels
82%
Chongqing
82%
Dhaka
82%
Huainan
82%
Hubli
82%
Jabalpur
82%
Kiev
82%
Konya
82%
Nanning
82%
Nashville
82%
Ningbo
82%
Port-au-Prince
82%
Port Harcourt
82%
Ranchi
82%
Sacramento
82%
Stuttgart
82%
Toulouse
82%
Turin
82%
Vadodara
82%
Vancouver
82%
Wuxi
82%
Allahabad
81%
Cangnan
81%
Harbin
81%
Jamshedpur
81%
Lisbon
81%
Melbourne
81%
Riyadh
81%
Ulsan
81%
Warsaw
81%
Yiwu
81%
Amman
80%
Angeles
80%
Damascus
80%
Accra
79%
Algiers
79%
Amritsar
79%
Bareilly
79%
Bengbu
79%
Campinas
79%
Glasgow
79%
Gujranwala
79%
Huaibei
79%
Kaohsiung
79%
Kazan
79%
Lima
79%
Lyon
79%
Mianyang
79%
Omsk
79%
Panama City
79%
Quito
79%
Rajkot
79%
Samara
79%
Taichung
79%
Tainan
79%
Tel Aviv-Jaffa
79%
Wuhan
79%
Anshan
78%
Cali
78%
Cotonou
78%
Daejeon
78%
Jiangyin
78%
Kharkiv
78%
Mannheim
78%
Meerut
78%
Morādābād
78%
Mysore
78%
Onitsha
78%
Rawalpindi
78%
Richmond
78%
Shiraz
78%
Wenzhou
78%
Alīgarh
77%
Athens
77%
Basra
77%
Budapest
77%
Copenhagen
77%
Doha
77%
Fukuoka
77%
Hangzhou
77%
Hiroshima
77%
Indianapolis
77%
Kitakyushu
77%
Lille
77%
Lomé
77%
Mexicali
77%
Nantong
77%
Nizhny Novgorod
77%
Osaka
77%
Peshawar
77%
Qinhuangdao
77%
Shijiazhuang
77%
Taiyuan
77%
Tangshan
77%
Tehran
77%
Vienna
77%
Vijayawada
77%
Yerevan
77%
Baoding
76%
Benin City
76%
Chelyabinsk
76%
Faisalabad
76%
Jilin
76%
Las Vegas
76%
Oran
76%
Wanzhou
76%
Abidjan
75%
Antalya
75%
Bhubaneswar
75%
Birmingham
75%
Bogotá
75%
Bursa
75%
Calgary
75%
Hyderabad
75%
Kuwait City
75%
Manchester
75%
Nanyang
75%
Newcastle
75%
Okayama
75%
Phoenix
75%
Salt Lake City
75%
Taizhou
75%
Tangier
75%
Toluca
75%
Ufa
75%
Yaoundé
75%
Yekaterinburg
75%
Chonburi
74%
Johannesburg
74%
Málaga
74%
Novosibirsk
74%
Tbilisi
74%
Torreón
74%
Tunis
74%
Varanasi
74%
Āsansol
73%
Baghdad
73%
Caracas
73%
Casablanca
73%
Houston
73%
Izmir
73%
Kathmandu
73%
Liuzhou
73%
Louisville
73%
Nagoya
73%
Naha
73%
Oslo
73%
Phnom Penh
73%
Porto
73%
Saint Petersburg
73%
Shenyang
73%
Voronezh
73%
Yogyakarta
73%
Aguascalientes
72%
Bordeaux
72%
Cartagena
72%
Changchun
72%
Coimbatore
72%
Dhanbad
72%
Guiyang
72%
Kolkata
72%
Liverpool
72%
Mérida
72%
Santiago
72%
Tiruppur
72%
Bangui
71%
Brasília
71%
Cuernavaca
71%
Donetsk
71%
Guilin
71%
Hamamatsu
71%
Helsinki
71%
Hengyang
71%
Ho Chi Minh City
71%
Isfahan
71%
Kabul
71%
Kochi
71%
Qiqihar
71%
Rostov
71%
San Pedro Sula
71%
Sendai
71%
Serang
71%
Srinagar
71%
Stockholm
71%
Tampa
71%
Zhuzhou
71%
Daqing
70%
Manama
70%
Pyongyang
70%
Santos
70%
Seville
70%
Tianjin
70%
Zunyi
70%
Bucharest
69%
Cape Coral
69%
Dnipropetrovsk
69%
Fez
69%
Fuji
69%
Khartoum
69%
Mandalay
69%
Shizuoka
69%
Vitória
69%
Ahvaz
68%
Baku
68%
Belgrade
68%
Dammam
68%
Datong
68%
Hanoi
68%
Madurai
68%
Managua
68%
Monrovia
68%
Multan
68%
Pekanbaru
68%
Querétaro
68%
San José
68%
Baotou
67%
Kayseri
67%
León
67%
Makassar
67%
Maracay
67%
Pune
67%
Xiangyang
67%
Yichang
67%
Bishkek
66%
Chandigarh
66%
Chifeng
66%
Denpasar
66%
Havana
66%
Ludhiana
66%
Montevideo
66%
Montréal
66%
Mosul
66%
Ottawa
66%
Rabat
66%
Sofia
66%
Surabaya
66%
Yinchuan
66%
Erbil
65%
Kuala Lumpur
65%
Marrakesh
65%
Medellín
65%
Nasik
65%
Niamey
65%
Kinshasa
64%
Kirkuk
64%
Malang
64%
Maoming
64%
Marseille
64%
Minneapolis
64%
Odessa
64%
Porto Alegre
64%
Saratov
64%
Semarang
64%
Surakarta
64%
Xiangtan
64%
Zhangjiakou
64%
Chittagong
63%
Freetown
63%
Gaza
63%
Huhehot
63%
Santo Domingo
63%
Asunción
62%
Changsha
62%
Colombo
62%
Dubai
62%
Guadalajara
62%
Guatemala City
62%
Jullundur
62%
Khulna
62%
Kunming
62%
Qom
62%
São Luís
62%
Sapporo
62%
Sydney
62%
Edmonton
61%
La Paz
61%
Palembang
61%
Puebla
61%
Singapore
61%
Teresina
61%
Ulaanbaatar
61%
Barquisimeto
60%
Benxi
60%
Bucaramanga
60%
Harare
60%
Kano
60%
Kigali
60%
Kumasi
60%
Salvador
60%
San Diego
60%
Valencia
60%
Zhanjiang
60%
Alexandria
59%
San Luis Potosí
59%
Sousse
59%
Almaty
58%
Bandar Lampung
58%
Belém
58%
Cape Town
58%
Curitiba
58%
Ouagadougou
58%
Southampton
58%
Bamako
57%
Lusaka
57%
Medina
57%
Mendoza
57%
Tabriz
57%
Abu Dhabi
56%
Kumamoto
56%
Maracaibo
56%
Nairobi
56%
Vishakhapatnam
56%
Volgograd
56%
Abuja
55%
Addis Ababa
55%
Agadir
55%
Barranquilla
55%
Recife
55%
Tijuana
55%
Cebu
54%
Fortaleza
54%
Goiânia
54%
Muscat
54%
Tripoli
54%
Ibadan
53%
Mombasa
53%
Maiduguri
52%
Quetta
52%
Dar es Salaam
51%
George Town
51%
Rosario
51%
San Juan
51%
San Salvador
51%
Xining
51%
Yangon
51%
Dakar
50%
Valparaíso
50%
Guwahati
49%
Kaduna
49%
Mecca
49%
Medan
49%
Milwaukee
49%
Natal
49%
N'Djamena
49%
Pointe-Noire
49%
Tashkent
49%
Tegucigalpa
48%
Brazzaville
47%
El Paso
47%
Jeddah
47%
Luanda
47%
Haikou
46%
Lanzhou
46%
Maceió
46%
Brisbane
45%
Maputo
45%
Ürümqi
45%
Douala
44%
Mashhad
44%
Patna
44%
Sana'a
44%
Ciudad Juárez
42%
Durban
42%
Guayaquil
42%
Kampala
42%
Melbourne
42%
Perm
42%
Krasnoyarsk
41%
Lubumbashi
40%
Manaus
40%
Santa Cruz
39%
Adelaide
38%
Bandung
37%
João Pessoa
37%
Port Elizabeth
36%
Auckland
34%
Conakry
34%
Honolulu
34%
Perth
34%
Davao
33%
Lilongwe
33%
Mbuji-Mayi
33%
Batam
32%
Cochabamba
32%
Mogadishu
30%
Córdoba
29%
Nouakchott
28%
Ashgabat
27%
Concepción
27%
Antananarivo
23%
No matching quizzes found
Score Distribution
Percent of People with Each Score
Percentile by Number Answered
Your Score History
You have not taken this quiz